| 000 | 01488nam a2200289 a 4500 | ||
|---|---|---|---|
| 001 | 000020896 | ||
| 003 | DO-SdBNP | ||
| 005 | 20250411120249.0 | ||
| 008 | 091012s1996 dr 001 0 spa d | ||
| 020 | _a8489546045 | ||
| 040 |
_aDO-SdBNP _bspa _cBNPHU |
||
| 082 |
_a972.93054 _bL296c, 1996 |
||
| 100 | 1 |
_aLantigua, José Rafael, _d1949- _91438 |
|
| 245 | 1 | 3 |
_aLa conjura del tiempo : _bmemorias del hombre dominicano / _cJosé Rafael Lantigua. |
| 250 | _a2a. ed. corr. y ampl. | ||
| 260 |
_aSanto Domingo : _bAmigo del Hogar, _c1996. |
||
| 300 |
_a600 p. : _b23 cm. |
||
| 500 | _aIncluye índice onomástico. | ||
| 500 | _aIncluye referencias bibliográficas y notas al pie de las páginas. | ||
| 504 | _aIncluye datos bibliográficos al final de los capítulos. | ||
| 505 | 0 |
_tAscenso, descenso y destino de la Era de Trujillo -- _tTrujillo: en elogio de sus virtudes -- _tLa revolución cívica de la Turbamulta -- _tLa revolución cívica de la Turbamulta -- _tEl traspaso de los mandos -- _tDe hombres mixtilíneos y etapas sombrías -- _tLa utopía mancillada -- _tTroquelando una imagen -- _tSobre las ruedas del poder -- _tDe olvidos, malditismos y desechos -- _tDe mojaítos, misereres y desarraigos -- _tEl entierro de los íconos. |
|
| 590 | _aInventariado, 2019/MFF | ||
| 600 | 1 | 0 |
_aTrujillo Molina, Rafael Leónidas, _d 1891-1961 _976764 |
| 651 | 0 |
_aRepública Dominicana -- _xHistoria -- _y1961- _96572 |
|
| 910 | _aValidado. Control de calidad MMOLINA | ||
| 942 |
_2ddc _cLF1 |
||
| 999 |
_c20399 _d20399 |
||